[Event "SRB-chT3 West CS"]
[Site "Serbia"]
[Date "2017.10.13"]
[Round "7.5"]
[White "Matovic, Mihailo"]
[Black "Rizvanovic, Ibrahim"]
[Result "0-1"]
[WhiteElo "1884"]
[BlackElo "2145"]
[PlyCount "71"]
[EventDate "2017.09.03"]
[EventType "team-tourn"]
[EventRounds "11"]
[EventCountry "SRB"]
[SourceTitle "EXT 2021"]
[Source "ChessBase"]
[SourceDate "2020.10.23"]
[SourceVersion "1"]
[SourceVersionDate "2020.10.23"]
[SourceQuality "1"]

1. d4 Nf6 2. Nf3 e6 3. Bg5 d5 4. e3 h6 5. Bh4 c5 6. c3 Nbd7 7. Nbd2 Qb6 8. Qc2 Bd6 9. Be2 0-0 10. Bg3 Re8 11. dxc5 Nxc5 12. Bxd6 Qxd6 13. Rd1 Bd7 14. h3 Rac8 15. Qb1 Qb6 16. 0-0 Bb5 17. Bxb5 Qxb5 18. Nd4 Qd7 19. Rfe1 a6 20. N2f3 Qc7 21. Rc1 b5 22. Nb3 Nce4 23. Nbd2 Nd6 24. Rcd1 Nfe4 25. Nxe4 Nxe4 26. Nd2 Nc5 27. Nb3 Ne4 28. Rd3 Qb6 29. Nd2 Nc5 30. Rd4 Red8 31. Rd1 e5 32. Rg4 e4 33. Nb3 Nxb3 34. axb3 f5 35. Rg3 b4 36. c4 0-1

[Event "SRB-chT3 West CS"]
[Site "Serbia"]
[Date "2017.10.12"]
[Round "6.6"]
[White "Vujovic, Dragisa"]
[Black "Rizvanovic, Ibrahim"]
[Result "0-1"]
[WhiteElo "1954"]
[BlackElo "2145"]
[PlyCount "90"]
[EventDate "2017.09.03"]
[EventType "team-tourn"]
[EventRounds "11"]
[EventCountry "SRB"]
[SourceTitle "EXT 2021"]
[Source "ChessBase"]
[SourceDate "2020.10.23"]
[SourceVersion "1"]
[SourceVersionDate "2020.10.23"]
[SourceQuality "1"]

1. e4 e5 2. Bc4 Nc6 3. Nc3 g6 4. Nf3 Bg7 5. d3 Nge7 6. a3 0-0 7. Bg5 h6 8. Bh4 d6 9. h3 Kh7 10. Qd2 a6 11. a4 f5 12. exf5 Bxf5 13. Nd5 Qd7 14. Nxe7 Nxe7 15. Bg3 e4 16. Nh4 exd3 17. cxd3 b5 18. Bb3 Be6 19. Bd1 g5 20. Nf3 Nf5 21. 0-0 c5 22. axb5 axb5 23. Rxa8 Rxa8 24. Bc2 Nd4 25. Nxd4 Bxd4 26. Bb1 Bf7 27. b4 Ra4 28. bxc5 dxc5 29. Qe2 Qe6 30. Qd1 Ra1 31. Re1 Qf6 32. Qe2 Bg6 33. Kh2 c4 34. Rd1 c3 35. Ba2 Rxd1 36. Qxd1 Bxf2 37. Bxf2 Qxf2 38. Qb3 Bf5 39. Qxc3 Qxa2 40. Qe5 Qe6 41. Qc3 Qd6+ 42. Kg1 b4 43. Qb2 Qc5+ 44. Kh1 Qc3 45. Qf2 Kg7 0-1

[Event "SRB-chT3 West"]
[Site "Serbia"]
[Date "2010.09.26"]
[Round "3"]
[White "Rizvanovic, Ibrahim"]
[Black "Sevic, Slobodan"]
[Result "1/2-1/2"]
[WhiteElo "2177"]
[BlackElo "2187"]
[PlyCount "53"]
[EventDate "2010.09.12"]
[EventType "team"]
[EventRounds "11"]
[EventCountry "SRB"]
[SourceTitle "EXT 2012"]
[Source "ChessBase"]
[SourceDate "2011.11.24"]
[SourceVersion "1"]
[SourceVersionDate "2011.11.24"]
[SourceQuality "1"]

1. d4 c5 2. Nf3 cxd4 3. Nxd4 Nc6 4. e3 Nf6 5. c4 g6 6. Nc3 Bg7 7. g3 0-0 8. Bg2 a6 9. 0-0 Qc7 10. b3 Rb8 11. Bb2 d6 12. Nd5 Nxd5 13. cxd5 Nxd4 14. Bxd4 Bxd4 15. Qxd4 Qc5 16. Qd2 Bd7 17. Rfc1 Qb6 18. Rc2 Rbc8 19. Rac1 Rxc2 20. Rxc2 Rc8 21. Rxc8+ Bxc8 22. b4 Qc7 23. h4 Bd7 24. Bf3 h5 25. Qd4 Bb5 26. Qd2 Qc4 27. Bg2 1/2-1/2